<?xml version="1.0" encoding="UTF-8"?>
<collection xmlns:xsi="http://www.w3.org/2001/XMLSchema-instance" xsi:schemaLocation="http://www.loc.gov/MARC21/slim http://www.loc.gov/standards/marcxml/schema/MARC21slim.xsd" xmlns="http://www.loc.gov/MARC21/slim">
 <record>
  <leader>00000cam a22000004a 4500</leader>
  <controlfield tag="001">UP-99796217607537525</controlfield>
  <controlfield tag="003">Buklod</controlfield>
  <controlfield tag="005">20230503092542.0</controlfield>
  <controlfield tag="006">m    |o  d |      </controlfield>
  <controlfield tag="007">ta</controlfield>
  <controlfield tag="008">030123s        xx      r    |||| u|tag d</controlfield>
  <datafield tag="035" ind1=" " ind2=" ">
   <subfield code="a">(iLib)UPD-00000479779</subfield>
  </datafield>
  <datafield tag="040" ind1=" " ind2=" ">
   <subfield code="a">DMLSP</subfield>
  </datafield>
  <datafield tag="041" ind1=" " ind2=" ">
   <subfield code="a">tag</subfield>
  </datafield>
  <datafield tag="090" ind1=" " ind2=" ">
   <subfield code="a">FOR REVISION</subfield>
   <subfield code="b">B7F-3</subfield>
  </datafield>
  <datafield tag="100" ind1="1" ind2=" ">
   <subfield code="a">Landicho, Domingo G.</subfield>
  </datafield>
  <datafield tag="245" ind1="1" ind2="0">
   <subfield code="a">Speeches.</subfield>
  </datafield>
  <datafield tag="490" ind1="1" ind2=" ">
   <subfield code="a">Domingo G. Landicho Collection</subfield>
  </datafield>
  <datafield tag="505" ind1="0" ind2=" ">
   <subfield code="a">Pag-aaral, pagtuturo at pagsulat ng kuwento. 18 pages (notebook leaves). n.d.--&quot;Ang paggamit ng Pilipino sa pagtuturo sa kolehiyo&quot;, binigkas sa panayam sa pagtataguyod ng Kagawaran ng Pilipinas at Panitikang Pilipino ng Pamantasan ng Pilipinas. 8-14-70.--Binigkas sa National Press Club. 10 leaves. 1971.--Literatura bilang tagapagpakilos, binigkas sa Institute of Social Work and Community Development, University of the Philippines. 14 leaves. 1974.--&quot;Ilang bagay sa pagtuturo, pag-aaral at pagkatuto sa pagsulat ng maikling kuwento&quot;, binigkas sa panayam  sa isang serys ng mga seminar sa Institute of Mass Communication ng Pamantasan ng Lunsod ng Maynila.  leaves. 8-16-74.--&quot;Pagbasa ng panayam hinggil sa suliraning pampanitikan sa maikling kuwento&quot;, binasa sa U.P. Extension Manila. 9 pages (notebook leaves). 1975.--&quot;Ang edukasyong liberal at pilipinismo&quot;, binigkas sa Faculty Conference ng College of Arts and Sciences, U.P. 7 leaves. 1975.--&quot;Malikhaing pagsulat sa universidad: isang panukala&quot;, binigkas sa seminar sa isang grupo ng guro at mag-aaral sa U.P. Baguio. 1975</subfield>
  </datafield>
  <datafield tag="655" ind1=" " ind2="0">
   <subfield code="a">Tagalog literature.</subfield>
  </datafield>
  <datafield tag="842" ind1=" " ind2=" ">
   <subfield code="a">Book</subfield>
  </datafield>
  <datafield tag="905" ind1=" " ind2=" ">
   <subfield code="a">SP</subfield>
  </datafield>
  <datafield tag="950" ind1=" " ind2=" ">
   <subfield code="a">Textual</subfield>
  </datafield>
  <datafield tag="852" ind1="0" ind2=" ">
   <subfield code="a">UPD</subfield>
   <subfield code="b">DMLSP</subfield>
   <subfield code="h">FOR REVISION B7F-3</subfield>
  </datafield>
  <datafield tag="942" ind1=" " ind2=" ">
   <subfield code="a">Book</subfield>
  </datafield>
 </record>
</collection>
